| 000 | 00706nam a22002177a 4500 | ||
|---|---|---|---|
| 942 | _cBK | ||
| 999 |
_c599 _d599 |
||
| 005 | 20250420134817.0 | ||
| 008 | 200812b ||||| |||| 00| 0 eng d | ||
| 020 | _a9781466468863 | ||
| 040 | _cKCST | ||
| 082 |
_a004.16 _bVa |
||
| 100 |
_aValvano, Jonathan W. _95045 |
||
| 245 |
_aEmbedded systems : _breal-time operating systems for the ARM® Cortex™-M microcontrollers : Volume 3 / _cJonathan W. Valvano |
||
| 250 |
_a4th edition _bvol. 3 |
||
| 260 |
_a[not identified] _bJonathan W. Volvano _c2017. |
||
| 650 |
_aEmbedded computer systems. _9515 _2Textbooks |
||
| 650 |
_aMicroprocessors. _95046 |
||
| 650 |
_aComputer interfaces. _95047 |
||
| 655 |
_aTextbooks _94782 |
||
| 942 | _2ddc | ||